[Event "4NCL Online Division 4"]
[Site "online"]
[Date "2022.02.08"]
[EventDate "2022.02.08"]
[Round "2.41"]
[White "Angelopoulos, Nicos"]
[WhiteElo "1617"]
[WhiteTeam "Barnet Knights C"]
[Black "Wylie, Steve"]
[BlackElo "1646"]
[BlackTeam "Devana Corieltauvorum"]
[Result "1-0"]
[PlyCount "117"]

1. e4 d5 2. exd5 Qxd5 3. Nc3 Qd8 4. d4 Nf6 5. h3 a6 6. Nf3 b5 7. a3 Nbd7 8. Bd3 Bb7 9. O-O e6 10. Re1 Be7 11. Ne4 Nxe4 12. Bxe4 Bxe4 13. Rxe4 Nf6 14. Re2 O-O 15. b3 Qd6 16. Bb2 Rfd8 17. Qe1 Rac8 18. Rc1 c5 19. c4 bxc4 20. Rxc4 cxd4 21. Rxd4 Qb6 22. Rxd8+ Rxd8 23. b4 h6 24. Rc2 Rd5 25. Rc8+ Rd8 26. Rxd8+ Qxd8 27. Nd4 Qc7 28. Qe2 Qb7 29. Qc4 Nd5 30. Qc6 Qxc6 31. Nxc6 Bd6 32. Be5 Bxe5 33. Nxe5 Kf8 34. Nd7+ Ke7 35. Nc5 Nc7 36. Kf1 Kd6 37. Ke2 Kd5 38. Kd3 a5 39. Ne4 axb4 40. axb4 Na6 41. Nc3+ Kd6 42. b5 Nc5+ 43. Kc4 g5 44. Ne2 e5 45. Ng3 Ne6 46. Nf5+ Kc7 47. Nxh6 Nf4 48. Nxf7 Nxg2 49. Kc5 Nf4 50. b6+ Kb8 51. Kc6 Nd3 52. f3 Nb4+ 53. Kb5 Nd3 54. Nxg5 Kb7 55. Nf7 Nf4 56. h4 Nd3 57. h5 Nf4 58. h6 Ng6 59. h7 1-0

[Event "4NCL Online Division 4"]
[Site "online"]
[Date "2022.02.08"]
[EventDate "2022.02.08"]
[Round "2.42"]
[White "Gray, Paul"]
[WhiteElo "1589"]
[WhiteTeam "Devana Corieltauvorum"]
[Black "Sarkar, Rian"]
[BlackElo "1539"]
[BlackTeam "Barnet Knights C"]
[Result "1-0"]
[PlyCount "119"]

1. e4 c5 2. Nf3 e6 3. d4 cxd4 4. Nxd4 a6 5. Bd3 d6 6. h3 Qc7 7. O-O b5 8. b4 Bb7 9. a3 Nf6 10. Re1 Nbd7 11. Nd2 Be7 12. N2f3 O-O 13. Bg5 h6 14. Bh4 Rac8 15. Qd2 Rfd8 16. Rac1 Qc3 17. Qxc3 Rxc3 18. Ra1 Rdc8 19. Ne2 R3c7 20. Nd2 Ne5 21. Rac1 Kf8 22. f4 Ng6 23. Bg3 d5 24. f5 dxe4 25. Bxc7 exd3 26. cxd3 exf5 27. Bb6 Ke8 28. Ng3 f4 29. Nf5 Rxc1 30. Rxc1 Ne5 31. d4 Nd3 32. Rc7 Be4 33. Nxe4 Nd5 34. Rb7 Bg5 35. Nfd6+ Kf8 36. Nxg5 hxg5 37. Bc5 Kg8 38. Rxf7 Nc3 39. Rf5 Nb1 40. Rxg5 Nxa3 41. Nf5 Nc2 42. Rxg7+ Kh8 43. Ra7 Nxc5 44. dxc5 Nxb4 45. Nd4 Kg8 46. c6 Nxc6 47. Nxc6 a5 48. Nxa5 b4 49. Kf2 b3 50. Nxb3 f3 51. Kxf3 Kf8 52. Kf4 Ke8 53. Ke5 Kd8 54. Ke6 Kc8 55. Rh7 Kd8 56. Nc5 Kc8 57. Kd6 Kb8 58. Kc6 Ka8 59. Kb6 Kb8 60. Rh8# 1-0

[Event "4NCL Online Division 4"]
[Site "online"]
[Date "2022.02.08"]
[EventDate "2022.02.08"]
[Round "2.43"]
[White "Angelopoulos, Andreas"]
[WhiteElo "1477"]
[WhiteTeam "Barnet Knights C"]
[Black "Pettitt, David"]
[BlackElo "1611"]
[BlackTeam "Devana Corieltauvorum"]
[Result "1/2-1/2"]
[PlyCount "121"]

1. d4 d5 2. c4 e6 3. Nc3 Nf6 4. Bg5 Be7 5. e3 c6 6. Nf3 Nbd7 7. a3 O-O 8. Bd3 Re8 9. c5 h6 10. Bf4 Nh5 11. O-O Nxf4 12. exf4 Qc7 13. Ne5 Nf6 14. b4 Bd7 15. b5 cxb5 16. Nxd7 Nxd7 17. Nxb5 Qxf4 18. g3 Qb8 19. a4 a6 20. Nc3 Qc7 21. a5 Bf6 22. Bc2 Red8 23. Qd3 Nf8 24. Na4 e5 25. Nb6 Rab8 26. Bb3 exd4 27. Nxd5 Qxc5 28. Rfc1 Qd6 29. Nb6 Qe5 30. Re1 Qg5 31. Qc4 Qg6 32. Rad1 Re8 33. Rxe8 Rxe8 34. Nd5 Ne6 35. Re1 Bd8 36. Nf4 Qf5 37. Nd5 Bxa5 38. Bc2 Qf3 39. Re4 Bd8 40. Qxd4 Qa3 41. Nf4 Rf8 42. Nxe6 fxe6 43. Rxe6 Qc1+ 44. Bd1 Ba5 45. Qg4 Bc7 46. Rxh6 Qxh6 47. Bb3+ Kh8 48. Qd7 Bb6 49. Qxb7 Bxf2+ 50. Kg2 Qd6 51. Qe4 Qh6 52. Qe7 Qf6 53. Qe4 Bd4 54. Bc2 Qf2+ 55. Kh3 Qf1+ 56. Kh4 Bf6+ 57. Kg4 Kg8 58. Qe6+ Kh8 59. Qe4 Kg8 60. Qe6+ Kh8 61. Qe4 1/2-1/2

[Event "4NCL Online Division 4"]
[Site "online"]
[Date "2022.02.08"]
[EventDate "2022.02.08"]
[Round "2.51"]
[White "Mooney, Graham"]
[WhiteTitle "CM"]
[WhiteElo "1880"]
[WhiteTeam "Dundee City C"]
[Black "Young, Andy"]
[BlackElo "1504"]
[BlackTeam "Lerryn Clowns"]
[Result "1/2-1/2"]
[PlyCount "102"]

1. e4 c6 2. Nf3 d5 3. Nc3 dxe4 4. Nxe4 Bg4 5. h3 Bh5 6. Ng3 Bg6 7. d4 Nd7 8. Bd3 e6 9. O-O Ngf6 10. Re1 Bd6 11. c3 Qc7 12. Ne4 Nxe4 13. Bxe4 Nf6 14. Bd3 Nd5 15. Ne5 Bxd3 16. Qxd3 O-O-O 17. a4 f6 18. Nf3 Rde8 19. b4 g5 20. b5 c5 21. a5 c4 22. Qc2 Qg7 23. Qe2 Nxc3 24. Qxc4+ Qc7 25. Qxc7+ Bxc7 26. b6 axb6 27. axb6 Bxb6 28. Bxg5 Nd5 29. Bd2 Kb8 30. Ba5 Bxa5 31. Rxa5 b6 32. Ra3 Rhg8 33. Kh2 Kb7 34. Rb3 Rg7 35. g3 Rc7 36. Nd2 f5 37. Nf3 Rc3 38. Rxc3 Nxc3 39. Ng5 Ne4 40. Nxe4 fxe4 41. Rxe4 Kc6 42. Re1 Kd5 43. f4 b5 44. Re5+ Kxd4 45. Rxb5 Ke3 46. Re5+ Kf3 47. Ra5 Rd8 48. Ra3+ Kf2 49. Ra2+ Kf3 50. Ra3+ Kf2 51. Ra2+ Kf3 1/2-1/2

[Event "4NCL Online Division 4"]
[Site "online"]
[Date "2022.02.08"]
[EventDate "2022.02.08"]
[Round "2.52"]
[White "Jenkins, Simon"]
[WhiteElo "1513"]
[WhiteTeam "Lerryn Clowns"]
[Black "Dawson, Alastair"]
[BlackElo "1833"]
[BlackTeam "Dundee City C"]
[Result "0-1"]
[PlyCount "77"]

1. e4 c6 2. Bc4 d5 3. Bb3 Nf6 4. e5 Nfd7 5. f4 Nc5 6. Qf3 Bf5 7. d3 e6 8. Ne2 h5 9. Be3 Bg4 10. Qf2 Qa5+ 11. Bd2 Qc7 12. a3 Nxb3 13. cxb3 c5 14. Nbc3 Nc6 15. Rc1 Bxe2 16. Nxe2 Qb6 17. d4 cxd4 18. b4 g6 19. Qf3 a5 20. Qd3 axb4 21. axb4 Bxb4 22. Bxb4 Qxb4+ 23. Kf2 Kd7 24. Rc2 Rhc8 25. Rhc1 Ra2 26. Nxd4 Rxb2 27. Rxb2 Qxb2+ 28. Ne2 Qb6+ 29. Kg3 Nd4 30. Rxc8 Nxe2+ 31. Qxe2 Kxc8 32. Qd3 Kd7 33. Qa3 d4 34. Qf8 Qb3+ 35. Kh4 Qd5 36. Qxf7+ Kc6 37. Qxg6 d3 38. Qg3 d2 39. Qb3 0-1

[Event "4NCL Online Division 4"]
[Site "online"]
[Date "2022.02.08"]
[EventDate "2022.02.08"]
[Round "2.54"]
[White "Jenkins, David R"]
[WhiteElo "1398"]
[WhiteTeam "Lerryn Clowns"]
[Black "Cohen, Philip"]
[BlackElo "1870"]
[BlackTeam "Dundee City C"]
[Result "1-0"]
[PlyCount "91"]

1. e4 g6 2. Nc3 Bg7 3. f4 d6 4. Nf3 e5 5. Bc4 Ne7 6. O-O O-O 7. d3 Nbc6 8. Ne2 Na5 9. Bb3 Nxb3 10. axb3 f5 11. fxe5 dxe5 12. Bg5 h6 13. Bxe7 Qxe7 14. g3 Bd7 15. Nh4 Qe6 16. Nc3 c6 17. Qe2 a6 18. Na4 Rad8 19. Nc5 Qe8 20. Nxb7 Rb8 21. Nd6 Qe6 22. Nc4 Bc8 23. Rf2 f4 24. gxf4 exf4 25. Rg2 g5 26. Nf5 Rxf5 27. exf5 Qxe2 28. Rxe2 Bxf5 29. Ne5 Re8 30. d4 c5 31. c3 cxd4 32. cxd4 Bc8 33. Rae1 g4 34. Nc6 Rxe2 35. Rxe2 Kh7 36. Re7 f3 37. Kf2 h5 38. Ne5 Kh6 39. d5 Bf8 40. d6 Kg5 41. d7 Bxd7 42. Rxd7 Bc5+ 43. Kf1 Kh4 44. Ng6+ Kh3 45. Rd2 h4 46. Nf4# 1-0

[Event "4NCL Online Division 4"]
[Site "online"]
[Date "2022.02.08"]
[EventDate "2022.02.08"]
[Round "2.61"]
[White "Karia, Kamlesh"]
[WhiteElo "1561"]
[WhiteTeam "MHJ Bishops"]
[Black "Shepley, Julien M"]
[BlackElo "1912"]
[BlackTeam "Guildford Castles 2"]
[Result "0-1"]
[PlyCount "98"]

1. e4 d5 2. exd5 Qxd5 3. Nc3 Qd6 4. d4 Nf6 5. Nf3 c6 6. Be2 Bg4 7. h3 Bxf3 8. Bxf3 e6 9. O-O Be7 10. Ne2 O-O 11. c4 Qb4 12. Qb3 Nbd7 13. Qxb4 Bxb4 14. a3 Bd6 15. Rd1 Rad8 16. Be3 Bb8 17. Rab1 Rfe8 18. Nc3 Nb6 19. b3 e5 20. dxe5 Bxe5 21. Ne2 Bc7 22. Bg5 Rxd1+ 23. Rxd1 Ne4 24. Bf4 Bxf4 25. Nxf4 f5 26. Re1 Nf6 27. Rxe8+ Nxe8 28. Ne6 Nd7 29. Nd8 Nd6 30. Be2 a5 31. b4 axb4 32. axb4 c5 33. b5 Ne5 34. Bd1 b6 35. Nc6 Nexc4 36. Bb3 Kf8 37. Bc2 g6 38. Bd3 Na3 39. Ne5 Ke7 40. Nf3 c4 41. Be2 Ndxb5 42. Nd2 c3 43. Nb3 c2 44. Nc1 Nd4 45. Bd3 b5 46. Kf1 b4 47. Ke1 b3 48. Kd2 Nb1+ 49. Ke3 b2 0-1

[Event "4NCL Online Division 4"]
[Site "online"]
[Date "2022.02.08"]
[EventDate "2022.02.08"]
[Round "2.62"]
[White "Armiger, Paul D"]
[WhiteElo "1848"]
[WhiteTeam "Guildford Castles 2"]
[Black "Michener, Max"]
[BlackElo "1000"]
[BlackTeam "MHJ Bishops"]
[Result "0-1"]
[PlyCount "54"]

1. e4 e5 2. Nf3 Nc6 3. Bc4 Bc5 4. O-O d6 5. h3 Nf6 6. d3 h6 7. c3 O-O 8. a4 a6 9. d4 Ba7 10. Re1 Re8 11. d5 Ne7 12. Nbd2 c6 13. Nf1 cxd5 14. exd5 Bf5 15. Be3 Qc7 16. Bb3 Be4 17. Bxa7 Rxa7 18. Ne3 b5 19. Rc1 bxa4 20. Bxa4 Nexd5 21. Nxd5 Bxd5 22. Bxe8 Bxf3 23. Bxf7+ Kxf7 24. Qxf3 Rb7 25. b4 d5 26. Red1 e4 27. Qf5 g6 0-1

[Event "4NCL Online Division 4"]
[Site "online"]
[Date "2022.02.08"]
[EventDate "2022.02.08"]
[Round "2.63"]
[White "Shetty, Ahan"]
[WhiteElo "1000"]
[WhiteTeam "MHJ Bishops"]
[Black "Hope, Russell"]
[BlackElo "1663"]
[BlackTeam "Guildford Castles 2"]
[Result "0-1"]
[PlyCount "70"]

1. d4 Nf6 2. c4 e6 3. Nc3 Be7 4. Bg5 O-O 5. e3 b6 6. Nf3 Bb7 7. Bd3 Nc6 8. Qc2 h6 9. Bh4 Nb4 10. Qe2 Bxf3 11. gxf3 Nxd3+ 12. Qxd3 Rc8 13. O-O-O a6 14. Rhg1 Ne8 15. Bxe7 Qxe7 16. Qe4 Nd6 17. Qg4 f5 18. Qh5 Nxc4 19. Rg2 Rf7 20. Rdg1 Kh8 21. Rg6 Rcf8 22. e4 f4 23. d5 e5 24. d6 Nxd6 25. Nd5 Qe8 26. Rxg7 Rxg7 27. Qxh6+ Rh7 28. Qg5 Rg8 29. Qf6+ Rgg7 30. Rxg7 Rxg7 31. Ne7 Qxe7 32. Qh6+ Kg8 33. h4 Ne8 34. h5 Qc5+ 35. Kb1 Rg1# 0-1

[Event "4NCL Online Division 4"]
[Site "online"]
[Date "2022.02.08"]
[EventDate "2022.02.08"]
[Round "2.64"]
[White "Cule, Jurica"]
[WhiteElo "1547"]
[WhiteTeam "Guildford Castles 2"]
[Black "Man, Felix"]
[BlackElo "940"]
[BlackTeam "MHJ Bishops"]
[Result "0-1"]
[PlyCount "106"]

1. d4 d5 2. Nf3 Nf6 3. g3 Bg4 4. Bg2 e6 5. O-O Be7 6. Nbd2 h6 7. b3 O-O 8. Bb2 c5 9. Ne5 Bf5 10. e3 Nbd7 11. Ndf3 Be4 12. a4 Bd6 13. Nxd7 Qxd7 14. Ba3 cxd4 15. Bxd6 Qxd6 16. exd4 Rac8 17. Rc1 Rc7 18. Ne5 Bxg2 19. Kxg2 Rfc8 20. Qd3 Rc3 21. Qe2 Qc7 22. Qb5 b6 23. Qa6 Nd7 24. Nxd7 Qxd7 25. Qe2 Qc7 26. Rfd1 Rxc2 27. Rxc2 Qxc2 28. Qxc2 Rxc2 29. Rd3 f5 30. Kf3 Kf7 31. h4 Kf6 32. Ke3 g6 33. Rd2 Rxd2 34. Kxd2 e5 35. Ke3 exd4+ 36. Kxd4 Ke6 37. f3 a6 38. b4 Kd6 39. f4 Ke6 40. Kd3 Kd6 41. Kd4 a5 42. b5 Ke6 43. Kd3 Kd6 44. Kd4 h5 45. Kc3 Kc5 46. Kb3 Kd4 47. Kc2 Ke3 48. Kd1 d4 49. Ke1 d3 50. Kd1 Kf3 51. Kd2 Kxg3 52. Kxd3 Kxf4 53. Ke2 Kg4 0-1

[Event "4NCL Online Division 4"]
[Site "online"]
[Date "2022.02.08"]
[EventDate "2022.02.08"]
[Round "2.71"]
[White "Morris, Mark"]
[WhiteElo "1700"]
[WhiteTeam "Downend 2"]
[Black "Coburn, Joseph A"]
[BlackElo "1736"]
[BlackTeam "Wessex Some Stars E"]
[Result "1-0"]
[PlyCount "115"]

1. e4 d6 2. d4 Nf6 3. Nc3 g6 4. Nf3 Bg7 5. Be2 c6 6. O-O O-O 7. h3 b5 8. a4 b4 9. Na2 a5 10. Bd3 Qc7 11. c4 e5 12. d5 cxd5 13. cxd5 Ba6 14. Be3 Bxd3 15. Qxd3 Nbd7 16. Rac1 Qb8 17. Nd2 Rc8 18. Rxc8+ Qxc8 19. Rc1 Nc5 20. Bxc5 dxc5 21. Nb3 Bf8 22. f3 Nd7 23. Qb5 Qc7 24. Rc2 Bd6 25. Nac1 Kf8 26. Nd3 Qa7 27. Kh2 Rc8 28. Qxa5 Qxa5 29. Nxa5 Ra8 30. Nb7 Ke7 31. Nxd6 Kxd6 32. b3 f6 33. g3 f5 34. g4 fxe4 35. fxe4 Rf8 36. Rf2 Rxf2+ 37. Nxf2 c4 38. bxc4 b3 39. Nd3 Nc5 40. Nb2 Nxe4 41. Kg2 Nc5 42. Kf3 g5 43. Ke3 h6 44. a5 Na6 45. Kd3 Nc5+ 46. Kc3 e4 47. Kd4 Kc7 48. a6 Kb6 49. d6 Nd7 50. Kxe4 Kxa6 51. Kd5 Kb6 52. Na4+ Ka5 53. Nb2 Kb6 54. Nd3 Kb7 55. c5 Kc8 56. c6 Nb6+ 57. Ke6 Na4 58. Ke7 1-0

[Event "4NCL Online Division 4"]
[Site "online"]
[Date "2022.02.08"]
[EventDate "2022.02.08"]
[Round "2.72"]
[White "Leeson, Chris J P"]
[WhiteElo "1728"]
[WhiteTeam "Wessex Some Stars E"]
[Black "Meadows, James"]
[BlackElo "1700"]
[BlackTeam "Downend 2"]
[Result "1-0"]
[PlyCount "53"]

1. d4 Nf6 2. e3 g6 3. Bd3 Bg7 4. f4 O-O 5. Nf3 d6 6. e4 c5 7. c3 b6 8. d5 e6 9. dxe6 fxe6 10. O-O Bb7 11. Ng5 Qe7 12. Qe2 Nbd7 13. Nd2 e5 14. Nh3 Rae8 15. f5 gxf5 16. Rxf5 d5 17. exd5 Nxd5 18. Rxf8+ Rxf8 19. Ne4 N7f6 20. Bg5 Qe6 21. Rf1 Ng4 22. Rxf8+ Kxf8 23. Bc4 Ngf6 24. Qf1 Kf7 25. Bxf6 Bxf6 26. Nhg5+ Ke7 27. Nxe6 1-0

[Event "4NCL Online Division 4"]
[Site "online"]
[Date "2022.02.08"]
[EventDate "2022.02.08"]
[Round "2.73"]
[White "Ash, Thomas"]
[WhiteElo "1700"]
[WhiteTeam "Downend 2"]
[Black "Pinto, Phil B"]
[BlackElo "1723"]
[BlackTeam "Wessex Some Stars E"]
[Result "0-1"]
[PlyCount "94"]

1. c4 e6 2. Nc3 Nf6 3. e4 d6 4. d4 Be7 5. g3 e5 6. Bg2 exd4 7. Qxd4 Nc6 8. Qd1 O-O 9. h3 Ne5 10. b3 c6 11. Nge2 Bd7 12. O-O Re8 13. Be3 h6 14. Qd2 Bxh3 15. Bd4 Bxg2 16. Kxg2 Ng6 17. Rad1 Bf8 18. Bxf6 Qxf6 19. Nd4 Rad8 20. Rfe1 Ne5 21. f4 Nd7 22. Nf5 a5 23. Nxd6 Bxd6 24. e5 Bxe5 25. fxe5 Nxe5 26. Qe2 Rxd1 27. Rxd1 Qe7 28. Re1 Nd3 29. Qxe7 Nxe1+ 30. Kf2 Rxe7 31. Ne2 Nd3+ 32. Kf3 Rxe2 33. Kxe2 Nb4 34. Kd2 Nxa2 35. Ke3 Kf8 36. Kd4 b6 37. c5 b5 38. Ke5 Ke7 39. g4 g6 40. Kd4 Kf6 41. Ke4 g5 42. Kd4 Nc1 43. Kc3 Ke5 44. b4 a4 45. Kc2 Nb3 46. Kb2 Kf4 47. Kc3 Kxg4 0-1

[Event "4NCL Online Division 4"]
[Site "online"]
[Date "2022.02.08"]
[EventDate "2022.02.08"]
[Round "2.74"]
[White "Pittman, Frank J"]
[WhiteElo "1689"]
[WhiteTeam "Wessex Some Stars E"]
[Black "Bleeg, Elliott"]
[BlackElo "1314"]
[BlackTeam "Downend 2"]
[Result "1-0"]
[PlyCount "81"]

1. d4 d5 2. Nf3 Nf6 3. Bf4 c5 4. c3 Qb6 5. Qc1 Nc6 6. e3 Bf5 7. Nbd2 e6 8. Be2 Be7 9. h3 O-O 10. O-O Rfe8 11. Nh4 Be4 12. Nxe4 Nxe4 13. Nf3 Rad8 14. a4 c4 15. Qc2 Na5 16. Nd2 Nxd2 17. Qxd2 Nb3 18. Qc2 Nxa1 19. Rxa1 Bd6 20. Bxd6 Rxd6 21. Ra3 Qc7 22. f4 Rb6 23. h4 Qe7 24. g3 Qf6 25. Kg2 Qf5 26. Qc1 Qe4+ 27. Bf3 Qd3 28. Kf2 Rd8 29. Be2 Qf5 30. a5 Rb5 31. b4 Rd6 32. Ra1 f6 33. Qd2 e5 34. Bf3 exf4 35. exf4 Re6 36. g4 Qd3 37. Qxd3 cxd3 38. Rd1 Rc6 39. Rxd3 Kf7 40. Be2 Re6 41. Re3 1-0

[Event "4NCL Online Division 4"]
[Site "online"]
[Date "2022.02.08"]
[EventDate "2022.02.08"]
[Round "2.81"]
[White "Edmundson, Deborah"]
[WhiteElo "1331"]
[WhiteTeam "Bishop Knights"]
[Black "Gledhill, Paul"]
[BlackElo "1543"]
[BlackTeam "Hebden Bridge 3"]
[Result "0-1"]
[PlyCount "48"]

1. c4 e5 2. a3 Nf6 3. Nc3 d5 4. e3 d4 5. Nce2 d3 6. Ng3 Nc6 7. Nf3 e4 8. Ng5 Qe7 9. f3 Nd4 10. exd4 exf3+ 11. Kf2 Ng4+ 12. Kxf3 Qf6+ 13. Nf5 Qxf5+ 14. Kg3 Qf2+ 15. Kh3 Ne3+ 16. g4 Nxd1 17. Bxd3 Bxg4+ 18. Kxg4 Qg2+ 19. Kf5 Qxh1 20. Be4 g6+ 21. Kf6 Qxh2 22. Nxf7 Qf4+ 23. Ke6 Qxf7+ 24. Ke5 Bd6# 0-1

[Event "4NCL Online Division 4"]
[Site "online"]
[Date "2022.02.08"]
[EventDate "2022.02.08"]
[Round "2.82"]
[White "Marsden, Christopher"]
[WhiteElo "1579"]
[WhiteTeam "Hebden Bridge 3"]
[Black "Brown, Fergus"]
[BlackElo "1295"]
[BlackTeam "Bishop Knights"]
[Result "0-1"]
[PlyCount "60"]

1. d4 d5 2. c4 c6 3. Nc3 dxc4 4. Bf4 b5 5. a3 Nf6 6. g3 Bf5 7. Bg2 e6 8. Bxb8 Rxb8 9. Bxc6+ Nd7 10. e4 Bg6 11. Bxb5 Rxb5 12. Nxb5 Qa5+ 13. Nc3 Bxe4 14. f3 Bd5 15. Kf2 Nb6 16. Nge2 Bd6 17. Nxd5 Nxd5 18. Qc2 Nb6 19. Nc3 O-O 20. Rhe1 Qh5 21. Kg2 g5 22. Ne4 Be7 23. a4 f5 24. Nf2 Rf6 25. Rh1 Nd5 26. Qd2 Bd6 27. Qa5 Ne3+ 28. Kg1 Qxf3 29. Qd8+ Kg7 30. Qd7+ Rf7 0-1

[Event "4NCL Online Division 4"]
[Site "online"]
[Date "2022.02.08"]
[EventDate "2022.02.08"]
[Round "2.83"]
[White "Burnett, John"]
[WhiteElo "1173"]
[WhiteTeam "Bishop Knights"]
[Black "Sullivan, Terry"]
[BlackElo "1379"]
[BlackTeam "Hebden Bridge 3"]
[Result "0-1"]
[PlyCount "80"]

1. c4 Nf6 2. Nc3 e6 3. e3 d5 4. cxd5 exd5 5. d4 c6 6. Bd3 Be7 7. h3 Nbd7 8. Nf3 O-O 9. e4 dxe4 10. Nxe4 Nxe4 11. Bxe4 Nf6 12. Qd3 Nxe4 13. Qxe4 Bf6 14. O-O Re8 15. Qd3 Be6 16. Be3 Qd7 17. g4 Bd5 18. Bg5 Be4 19. Qb3 Bxf3 20. Bxf6 Bd5 21. Qd1 gxf6 22. b3 Qd6 23. Re1 Rxe1+ 24. Qxe1 Qe6 25. Qd2 Qe4 26. f3 Qxf3 27. Rf1 Qh1+ 28. Kf2 Qg2+ 29. Ke1 Qxd2+ 30. Kxd2 Re8 31. Rxf6 Kg7 32. Rf2 Re6 33. g5 Re4 34. Kd3 Rh4 35. Rh2 Kg6 36. Kc3 Kxg5 37. Kb4 Rxd4+ 38. Kc3 Rf4 39. h4+ Rxh4 40. Rxh4 Kxh4 0-1

[Event "4NCL Online Division 4"]
[Site "online"]
[Date "2022.02.08"]
[EventDate "2022.02.08"]
[Round "2.84"]
[White "Nolan, Matthew"]
[WhiteElo "1200"]
[WhiteTeam "Hebden Bridge 3"]
[Black "Edmundson, Mark"]
[BlackElo "895"]
[BlackTeam "Bishop Knights"]
[Result "0-1"]
[PlyCount "74"]

1. d4 f5 2. Bf4 Nf6 3. e3 d6 4. h3 g6 5. Nf3 Bg7 6. c3 Nc6 7. Bd3 O-O 8. Bc4+ Kh8 9. d5 Na5 10. Bd3 b6 11. c4 Nh5 12. Bh2 Bxb2 13. Nbd2 Bxa1 14. Qxa1+ Nf6 15. O-O Nb7 16. Nb3 Nc5 17. Nxc5 bxc5 18. Rb1 Bd7 19. e4 fxe4 20. Bxe4 Kg8 21. Bc2 Rb8 22. Rb3 c6 23. Ng5 cxd5 24. cxd5 Rxb3 25. Bxb3 Kg7 26. Bf4 Kg8 27. Ne4 Nxe4 28. Bh6 Rf6 29. h4 Qb6 30. Qb2 c4 31. Qe2 Qxf2+ 32. Qxf2 Rxf2 33. Bxc4 Rb2 34. Bd3 Nf6 35. Bc4 Rb1+ 36. Kh2 Ng4+ 37. Kh3 Nxh6+ 0-1

[Event "4NCL Online Division 4"]
[Site "online"]
[Date "2022.02.08"]
[EventDate "2022.02.08"]
[Round "2.91"]
[White "Catabay, Rezin C"]
[WhiteElo "1347"]
[WhiteTeam "Colchester JFF B"]
[Black "Wedge, David C"]
[BlackElo "1898"]
[BlackTeam "Hebden Bridge 2"]
[Result "0-1"]
[PlyCount "126"]

1. e4 d6 2. d4 g6 3. Nc3 Bg7 4. Nf3 a6 5. Bc4 b5 6. Bb3 Nf6 7. a3 O-O 8. O-O Nc6 9. h3 Bb7 10. Re1 Na5 11. Ba2 e6 12. Bg5 h6 13. Bxf6 Qxf6 14. Qd2 c5 15. dxc5 dxc5 16. e5 Qe7 17. Ne4 Nc6 18. Qc3 c4 19. b3 b4 20. axb4 Qxb4 21. bxc4 Qxc3 22. Nxc3 Nb4 23. Bb3 Rfd8 24. Na4 Bxf3 25. gxf3 Rd2 26. Rac1 g5 27. Nc3 Nc6 28. Ne4 Rd7 29. Nf6+ Bxf6 30. exf6 Rd4 31. Kg2 Rf4 32. Rcd1 Rxf6 33. Rd6 Ne7 34. Rd3 Ng6 35. Kg3 Nf4 36. Rd6 Rg6 37. Ra1 a5 38. c5 Kh7 39. c6 Rgg8 40. Rad1 Rgc8 41. Ba4 Ne2+ 42. Kg2 Nc3 43. R1d4 Ra6 44. Rc4 Nxa4 45. Rxa4 Rcxc6 46. Rxc6 Rxc6 47. c4 Rc5 48. Kg3 h5 49. h4 f6 50. hxg5 fxg5 51. f4 Kg6 52. fxg5 Kxg5 53. f3 h4+ 54. Kh3 Kf4 55. Kxh4 Kxf3 56. Ra3+ Kf4 57. Rg3 a4 58. Rg4+ Ke3 59. Rg3+ Kd4 60. Rg4+ Kc3 61. Rg3+ Kb4 62. Re3 Rxc4+ 63. Kg5 a3 0-1

[Event "4NCL Online Division 4"]
[Site "online"]
[Date "2022.02.08"]
[EventDate "2022.02.08"]
[Round "2.92"]
[White "Allan, John M"]
[WhiteElo "1817"]
[WhiteTeam "Hebden Bridge 2"]
[Black "Balaggan, Karam S"]
[BlackElo "1315"]
[BlackTeam "Colchester JFF B"]
[Result "1-0"]
[PlyCount "87"]

1. e4 c5 2. Nf3 d6 3. d4 cxd4 4. Nxd4 Nf6 5. Nc3 Nc6 6. Be2 e6 7. Be3 Be7 8. O-O O-O 9. Kh1 Bd7 10. f4 Qc7 11. Ndb5 Qb8 12. Qd2 a6 13. Nd4 e5 14. Nb3 exf4 15. Bxf4 Ne5 16. Bxe5 dxe5 17. Rxf6 Bxf6 18. Qxd7 Rd8 19. Qf5 Qd6 20. Nd5 Rac8 21. c3 h6 22. Rf1 Rc6 23. Na5 Rb6 24. Nc4 Qe6 25. Ncxb6 Qxf5 26. Rxf5 Bg5 27. g3 Bc1 28. b3 Bd2 29. Rxe5 f6 30. Re7 Bxc3 31. Nxc3 Rd2 32. Bc4+ Kh7 33. Rxb7 Rc2 34. Nbd5 Rc1+ 35. Kg2 Rc2+ 36. Kf3 Rxh2 37. Bxa6 Rc2 38. Bd3 Rxc3 39. Nxc3 Kg6 40. e5+ Kg5 41. exf6 gxf6 42. Rg7+ Kh5 43. Bg6+ Kg5 44. Ne4# 1-0

[Event "4NCL Online Division 4"]
[Site "online"]
[Date "2022.02.08"]
[EventDate "2022.02.08"]
[Round "2.93"]
[White "Beer, James"]
[WhiteElo "1275"]
[WhiteTeam "Colchester JFF B"]
[Black "Hill, Ollie"]
[BlackElo "1620"]
[BlackTeam "Hebden Bridge 2"]
[Result "0-1"]
[PlyCount "42"]

1. e4 c5 2. Nf3 d6 3. Bc4 Nf6 4. Nc3 Nc6 5. Nd5 Nxe4 6. d3 Nf6 7. d4 cxd4 8. Nxd4 Nxd5 9. Bxd5 Qa5+ 10. Bd2 Qxd5 11. Be3 Nxd4 12. Qxd4 Qxg2 13. O-O-O Qc6 14. Bh6 e5 15. Qd5 gxh6 16. c4 Qxd5 17. Rxd5 Be6 18. Rb5 b6 19. c5 dxc5 20. Rd1 Rd8 21. Rxd8+ Kxd8 0-1

[Event "4NCL Online Division 4"]
[Site "online"]
[Date "2022.02.08"]
[EventDate "2022.02.08"]
[Round "2.94"]
[White "Kerrane, John"]
[WhiteElo "1632"]
[WhiteTeam "Hebden Bridge 2"]
[Black "Kariyawasam, Alexander"]
[BlackElo "1149"]
[BlackTeam "Colchester JFF B"]
[Result "1-0"]
[PlyCount "95"]

1. d4 d5 2. c4 e6 3. Nc3 Nf6 4. cxd5 exd5 5. Bg5 c6 6. Nf3 g6 7. e3 Bg7 8. Be2 O-O 9. O-O Bf5 10. h3 Qd6 11. Bd3 Be6 12. Bf4 Qd7 13. Ne5 Qe7 14. Bg5 Nbd7 15. Qf3 Qd6 16. Bf4 Qe7 17. a3 Nxe5 18. Bxe5 Ne8 19. Bf4 f5 20. Qe2 Nd6 21. f3 b6 22. Rad1 c5 23. dxc5 bxc5 24. Bxd6 Qxd6 25. Bc4 d4 26. Nb5 Qc6 27. exd4 Bxc4 28. Qxc4+ Kh8 29. dxc5 Bxb2 30. Rd6 Qc8 31. Rfd1 Be5 32. Rd7 a6 33. Nc3 Bf6 34. Na4 Qc6 35. Nb6 Rab8 36. R7d6 Qc7 37. Nd7 Be7 38. R6d5 Rbe8 39. Nxf8 Bxf8 40. a4 a5 41. c6 Rc8 42. Rd7 Qxc6 43. Qf7 Qc5+ 44. Kh1 Be7 45. Rxe7 Qxe7 46. Qxe7 Rg8 47. Qf6+ Rg7 48. Rd8# 1-0

[Event "4NCL Online Division 4"]
[Site "online"]
[Date "2022.02.08"]
[EventDate "2022.02.08"]
[Round "2.102"]
[White "Henderson, Jason"]
[WhiteElo "1688"]
[WhiteTeam "Calstock Killers"]
[Black "Boby, Shawn"]
[BlackElo "1300"]
[BlackTeam "Uxbridge D"]
[Result "1/2-1/2"]
[PlyCount "55"]

1. e4 Nc6 2. d4 d5 3. e5 f6 4. exf6 exf6 5. Nf3 Bd6 6. Nc3 Qe7+ 7. Be2 Be6 8. O-O Nh6 9. Bxh6 gxh6 10. Re1 O-O-O 11. Bb5 Qf7 12. Bxc6 bxc6 13. Qd3 Kd7 14. Ne2 Qg6 15. Qa6 Rhg8 16. g3 Bh3 17. c4 Qg4 18. Nh4 Qxh4 19. cxd5 Qe4 20. Qxc6+ Kc8 21. Qa8+ Kd7 22. Qc6+ Kc8 23. Qa8+ Kd7 24. Qc6+ Kc8 25. Qa8+ Kd7 26. Qc6+ Kc8 27. Qa8+ Kd7 28. Qc6+ 1/2-1/2

[Event "4NCL Online Division 4"]
[Site "online"]
[Date "2022.02.08"]
[EventDate "2022.02.08"]
[Round "2.103"]
[White "Nargund, Sujan"]
[WhiteElo "1284"]
[WhiteTeam "Uxbridge D"]
[Black "Hill, Michael"]
[BlackElo "1701"]
[BlackTeam "Calstock Killers"]
[Result "0-1"]
[PlyCount "104"]

1. e4 c6 2. d4 d5 3. e5 e6 4. Nf3 Nd7 5. Bd3 c5 6. c3 Qb6 7. O-O cxd4 8. cxd4 Ne7 9. Nc3 a6 10. Qc2 g6 11. Be3 Qa7 12. Rfe1 b5 13. a3 Bb7 14. b4 Rc8 15. Qb2 Nb6 16. Rac1 Qa8 17. Ne2 Nc4 18. Qb3 Bg7 19. Rc2 O-O 20. Ng3 Nxe3 21. Rxc8 Rxc8 22. fxe3 Rc7 23. e4 Qc8 24. Qb2 Bh6 25. Nd2 Rc3 26. Bb1 Be3+ 27. Kh1 Bxd4 28. Nf3 Rxf3 29. Qxd4 Rc3 30. exd5 Bxd5 31. Qd2 Rc6 32. Be4 Qc7 33. Bxd5 Nxd5 34. h3 Rc2 35. Qd1 Qc6 36. Ne4 Qc4 37. Nf6+ Kg7 38. Ne8+ Kf8 39. Nd6 Qa2 40. Qf3 Rf2 41. Qg3 Nf4 42. Rg1 Qe2 43. Qg5 Nh5 44. Qd8+ Kg7 45. Ne8+ Kh6 46. Qe7 Qxe5 47. Qf8+ Kg5 48. Qe7+ f6 49. h4+ Kg4 50. Qxh7 Ng3+ 51. Kh2 Nf1+ 52. Kh1 Qh2# 0-1